000
00349nam a2200145Ia 4500
008
240126s9999 xx 000 0 und d
041
_a
English
082
_a
LIBRARY-J1
245
0
_a
IETE Journal of Research (1999-
260
_b
IETE
_a
New Delhi
440
_a
NULL
650
_a
Telicommunication
650
_a
Telicommunication
942
_c
JN
999
_c
295626
_d
295626